000 00518nam a22001937a 4500
003 MPLRDC
005 20220104185114.0
008 210129b ||||| |||| 00| 0 eng d
020 _a7-5446-1306-4
082 _a859.6 DIS v.2
100 _aKIKI THORPE
245 _a星际宝贝
_c陆易蓉译注
250 _a一版一刷
260 _a中国
_b上海外语教育出版社
_c2009
300 _b
490 _a迪士尼电影读物(英汉对照)之七
650 _a儿童故事
942 _cBK
_o859.6 DIS v.2
999 _c63174
_d63164